Statistics for Random Info

Click here to take the quiz!

General Stats

  • This quiz has been taken 7 times
  • The average score is 4 of 5

Answer Stats

QuestionAnswer% Correct
Which one if found in a bubble gum machine more often?
100%
What shape is the Xbox logo?Circle
100%
What is it that makes Heinz Ketchup Red?Tomatoes
83%
Which Star Wars movie was made first!A New Hope Volume IIII
67%
What color is a Maroon Clownfish?Maroon
50%

Score Distribution

Percentile by Number Answered

Percent of People with Each Score

Your Score History

You have not taken this quiz